000 00738nam a2200289Ia 4500
005 20260324130528.0
008 008 260324s9999 xx 000 0 eng d
020 _a9780429153457
037 _aEBOOK
040 _aCRL
040 _beng
040 _cCRL
041 _2eng
041 _aeng
084 _qCRL
100 _aAndrzej Kowalczyk; Jaroslav Vrba; Andrzej J. Witkowski
_91182131
245 0 _aGroundwater Vulnerability Assessment and Mapping
245 0 _bIAH-Selected Papers, volume 11
260 _bTaylor and Francis
260 _c2007
365 _a
365 _b370
856 _uhttp://www.taylorfrancis.com/books/9780429153457
942 _cEBOOK
999 _c1778361
_d1778361